LEADER 01133nam a2200301 a 4500 001 000000128394 003 CaOOAMICUS 005 20120419102521.0 008 120419s2012 it a 000 0 ita r 040 $aPUL$bita 082 04$a550 245 00$aJames Tobin. 250 $aEd. speciale per il Sole 24 Ore. 260 $aMilano :$bIl Sole 24 ore,$c2012. 300 $a300 p. :$bill. ;$c21 cm 490 1 $aI grandi della scienza ;$v4 500 $aInclude indice. 500 $aSulla cop.: Problemi di teoria economica contemporanea. 500 $aSul dorso: Nobel economia 1981. 600 04$aTobin, James,$d1918-2002.$0(OLS)http://pul/subject/38594 830 2$aI grandi della scienza ;$v4.$0(OLS)http://pul/title/162261 850 $aPUL 852 $aPUL$W1$xDP2 Cons. Gen., Altre Classi 3$y97$m550 COLL 1.4$j148717$qDDC 21$B147236$CPULBib$Z2$F147236 $H119470 $82 941 1 $a9 996 $6082$a550$9(OLS)http://pul/classification/2237 996 $6245$aJames Tobin$9(OLS)http://pul/title/162264 996 $6260$aMilano :$bIl Sole 24 ore$9(OLS)http://pul/publisher/69212 LEADER 01641nam a2200325 a 4500 001 000000138561 003 CaOOAMICUS 005 20140528130816.0 008 140528s2002 it u000 u ita r 020 $a88-14-09445-4 040 $aPUL$bita 082 04$a348.023 110 2 $aUniversità di Firenze.$bDipartimento di Teoria e Storia del diritto.$bIncontro di studio$c(Firenze :$d2000).$0(OLS)http://pul/name/89331 245 10$aCodici :$buna riflessione di fine millennio: atti dell'Incontro di studio, Firenze, 26-28 ottobre 2000 /$ca cura di Paolo Cappellini e Bernardo Sordi. 260 $aMilano :$bA. Giuffrè,$c2002. 300 $aVIII, 604 p. ;$c23 cm 490 1 $aPer la storia del pensiero giuridico moderno. Biblioteca ;$v61 504 $aBibliografia in nota. 650 4$aCodificazione$xStoria.$0(OLS)http://pul/subject/21481 700 1 $aCappellini, Paolo,$d1956-$0(OLS)http://pul/name/78898 700 1 $aSordi, Bernardo.$0(OLS)http://pul/name/36622 830 0$aPer la storia del pensiero giuridico moderno ;$v61.$0(OLS)http://pul/title/10657 850 $aPUL 852 $aPUL$W1$xSL Diritto e Scienze Sociali 3$y79$m340. 09 COLL 1.61$j159874$qDDC 21$B159375$CPULBib$Z2$F159375 $H124112 $82 941 1 $a9 996 $6020$a88-14-09445-4 $9(OLS)http://pul/number/155360 996 $6082$a348.023$9(OLS)http://pul/classification/2666 996 $6245$aCodici :$buna riflessione di fine millennio: atti dell'Incontro di studio, Firenze, 26-28 ottobre 2000$9(OLS)http://pul/title/175411 996 $6260$aMilano :$bA. Giuffrè$9(OLS)http://pul/publisher/48096